Del proyecto educativo a la programación de aula / S. Antúnez (Registro nro. 1087)

Detalles MARC
000 -LEADER
fixed length control field 00506nam a22002051a 4500
001 - CONTROL NUMBER
control field 1087
003 - CONTROL NUMBER IDENTIFIER
control field OSt
005 - DATE AND TIME OF LATEST TRANSACTION
control field 20260204211720.0
008 - FIXED-LENGTH DATA ELEMENTS--GENERAL INFORMATION
fixed length control field 040116s1997||||sp ||||||b||||||||||spa||
020 ## - NUMERO DE LIBRO INTERNACIONAL NORMALIZADO
International Standard Book Number 8478270558
050 ## - LIBRARY OF CONGRESS CALL NUMBER
Classification number 370 P94e
082 ## - DEWEY DECIMAL CLASSIFICATION NUMBER
Classification number 370 P94e
245 ## - TÍTULO PROPIAMENTE DICHO: SUBTÍTULO
Title Del proyecto educativo a la programación de aula / S. Antúnez
250 ## - MENCIÓN DE EDICIÓN
Edition statement 10
264 ## - PRODUCTION, PUBLICATION, DISTRIBUTION, MANUFACTURE, AND COPYRIGHT NOTICE
Place of production, publication, distribution, manufacture España : Grao
300 ## - PHYSICAL DESCRIPTION
Extensión 149 p
500 ## - GENERAL NOTE
General note Incluye bibliografía
650 ## - ASIENTO SECUNDARIO DE MATERIA -- TERMINO TEMÁTICO
Termino Temático Como Elemento de Entrada 1.Educación - IntroducciónÌ
942 ## - ADDED ENTRY ELEMENTS (KOHA)
Source of classification or shelving scheme Dewey Decimal Classification
Koha item type Libros
Existencias
Withdrawn status Lost status Source of classification or shelving scheme Damaged status Not for loan Current library Date acquired Full call number Barcode Date last seen Price effective from Koha item type Total Checkouts
    Dewey Decimal Classification Descartado para donación   Biblioteca UTECO 09/09/2019 370 P94E 000270 09/09/2019 09/09/2019 Libros  
    Dewey Decimal Classification Descartado para donación   Biblioteca UTECO 09/09/2019 370 P94E 000271 09/09/2019 09/09/2019 Libros  
    Dewey Decimal Classification Descartado para donación   Biblioteca UTECO 09/09/2019 370 P94E 000272 09/09/2019 09/09/2019 Libros  
    Dewey Decimal Classification     Biblioteca UTECO 09/09/2019 370 P94E 000273 09/09/2019 09/09/2019 Libros  
    Dewey Decimal Classification     Biblioteca UTECO 09/09/2019 370 P94E 005802 09/09/2019 09/09/2019 Libros  
© 2021 Derechos Reservados UTECO - Teléfono: +1 809-585-2291 - Correo electrónico: biblioteca@uteco.edu.do​  
Código postal 43000 ​​
Dirección: Avenida Universitaria No. 100, 
Cotuí, Provincia Sánchez Ramírez, República Dominicana - RNC: 404-00059-6